000
00198nam a22000977a 4500
999
_c
533529
_d
533529
040
_c
dlc
082
_a
813.54
100
_a
Simon Cox
_9
27471
245
_a
The Dan Brown Companion
942
_2
ddc
_c
BK